| 000 | 00339nam a2200109Ia 4500 | ||
|---|---|---|---|
| 008 | 200302s9999 xx 000 0 und d | ||
| 100 | _aPierre Pichard | ||
| 245 | _aThe monument and the living presence Tanjavur Brhadisvara an Architectural Study | ||
| 260 | _bIndira Gahndhi National Centre for the Arts | ||
| 260 | _c1995 | ||
| 300 | _a244 P., | ||
| 999 |
_c4084 _d4084 |
||